000
00318nam a2200133Ia 4500
008
240624s9999 xx 000 0 und d
041
_a
eng
082
_a
823 MEY
100
_a
MEYER STEPHENI
245
_a
SHORT SECOND LIFE OF BREE TANNER
260
_c
2010
_a
New Delhi
_b
Hachette
300
_a
192 : p.
365
_c
RS
999
_c
17111
_d
17111